Muster-Novellen des Miguel Cervantes de Saavedra : aus dem Spanischen von F.M. Duttenhofer ; mit Illustrationen nach Laville und andern.

Bibliographic Details
Main Author: Cervantes Saavedra, Miguel de, 1547-1616 (Author)
Other Authors: Duttenhofer, F. M. (Friedrich Martin), 1810-1859 (Translator), Laville, Eugène, 1814-1869 (Illustrator)
Format: Book
Language:German
Published: Pforzheim : Verlag von Dennig, Finck & Co., 1840.
Series:Cervantes Saavedra, Miguel de, 1547-1616. Prose works. 7.-10. Bd.

MARC

Tag First Indicator Second Indicator Subfields
LEADER 00000cam a2200000Ii 4500
001 in00002785855
005 20150922145045.0
008 121120s1840 gw a 000 0 ger d
016 7 |a 001018906  |2 Uk 
035 |a (OCoLC)ocn558901713 
040 |a UKMGB  |b eng  |e rda  |c UKMGB  |d TXA  |d UtOrBLW 
041 1 |a ger  |h spa 
049 |a TXAM 
090 |a PQ6331  |b .A6 1840 
100 1 |a Cervantes Saavedra, Miguel de,  |d 1547-1616,  |e author. 
240 1 0 |a Novelas ejemplares.  |k Selections.  |l German 
245 1 0 |a Muster-Novellen des Miguel Cervantes de Saavedra :  |b aus dem Spanischen von F.M. Duttenhofer ; mit Illustrationen nach Laville und andern. 
264 1 |a Pforzheim :  |b Verlag von Dennig, Finck & Co.,  |c 1840. 
300 |a 4 volumes in 2 :  |b illustrations ;  |c 15 cm. 
336 |a text  |b txt  |2 rdacontent 
337 |a unmediated  |b n  |2 rdamedia 
338 |a volume  |b nc  |2 rdacarrier 
490 1 |a Romane und Novellen / aus dem Spanischen des Miguel Cervantes de Saavedra ;  |v Siebenter-Zehnter Band 
505 0 |a Novellen I. Das Zigeunermädchen von Madrid ; Der edelmuthige Liebhaber ; Winkelpeter und Schneiderlein -- Novellen II. Die Spanierin als Engländerin ; Die Macht des Blutes ; Der eifersüchtige Estremadurianer ; Die berühmte Scheuermagd -- Novellen III. Die beiden Mädchen ; Der Licentiat Glaskopf ; Cornelia -- Novellen IV. Die trügerische Heirath ; Gespräch der beiden Hunde ; Die vorgebliche Tante ; Cervantes und Pancracio. 
580 |a Forms part of The Eduardo Urbina Cervantes Project Collection. 
700 1 |a Duttenhofer, F. M.  |q (Friedrich Martin),  |d 1810-1859,  |e translator. 
700 1 |a Laville, Eugène,  |d 1814-1869,  |e illustrator. 
800 1 |a Cervantes Saavedra, Miguel de,  |d 1547-1616.  |t Prose works.  |k Selections.  |l German ;  |v 7.-10. Bd. 
948 |a cataloged  |b h  |c 2013/7/22  |d c  |e jmarner  |f 3:30:17 pm 
994 |a C0  |b TXA 
999 |a MARS 
999 f f |s e6c0550a-1fe6-36db-8364-f043af5c01ca  |i 069addcb-9238-3d17-82d3-95a60adb38e8  |t 0 
952 f f |p noncirc  |a Texas A&M University  |b College Station  |c Cushing Memorial Library & Archives  |d Cushing: Rare Books (Does not check out)  |t 0  |e PQ6331 .A6 1840  |h Library of Congress classification  |i unmediated -- volume  |k Novellen 1/2 
952 f f |p noncirc  |a Texas A&M University  |b College Station  |c Cushing Memorial Library & Archives  |d Cushing: Rare Books (Does not check out)  |t 0  |e PQ6331 .A6 1840  |h Library of Congress classification  |i unmediated -- volume  |k Novellen 3/4 
998 f f |a PQ6331 .A6 1840  |s Novellen 1/2-Novellen 3/4  |t 0  |l Cushing: Rare Books (Does not check out)